Digital.Bodleian
Portions of the Bodleian's library collections made openly available to a wide variety of users from around the world for learning, teaching, and research.
Saved in:
| Format: | Unknown |
|---|---|
| Language: | English |
| Published: |
Oxford :
Bodleian Library, University of Oxford,
2011.
|
| Subjects: | |
| Online Access: | Current site |
| Tags: |
Add Tag
No Tags, Be the first to tag this record!
|
| LEADER | 00978cai a2200265Ki 4500 | ||
|---|---|---|---|
| 001 | 13054708 | ||
| 005 | 20180219162501.0 | ||
| 008 | 180131c20119999enkuu w o 0 2eng d | ||
| 035 | |a (OCoLC)ocn915649844 | ||
| 035 | |a (OCoLC)915649844 | ||
| 035 | |a (NNC)13054708 | ||
| 040 | |a CS1 |b eng |e rda |c CS1 |d ZCU | ||
| 050 | 4 | |a Z792.B67 |b D54 | |
| 245 | 0 | 0 | |a Digital.Bodleian |
| 246 | 3 | 0 | |a Digital Bodleian |
| 264 | 1 | |a Oxford : |b Bodleian Library, University of Oxford, |c 2011. | |
| 300 | |a 1 online resource. | ||
| 336 | |a text |b txt |2 rdacontent | ||
| 337 | |a computer |b c |2 rdamedia | ||
| 338 | |a online resource |b cr |2 rdacarrier | ||
| 588 | |a Title from website viewed on (Aug. 4, 2015) | ||
| 520 | |a Portions of the Bodleian's library collections made openly available to a wide variety of users from around the world for learning, teaching, and research. | ||
| 610 | 2 | 0 | |a Bodleian Library. |
| 856 | 4 | 0 | |u http://www.columbia.edu/cgi-bin/cul/resolve?clio13054708 |z Current site |
| 852 | 8 | |b lweb |h IMAGES | |


